Kvalita mäsa Medzinárodná vedecká konferencia : 1.-2. June 2017 Nitra Slovensko
| Corporate Author: | |
|---|---|
| Format: | Conference Proceeding Book |
| Language: | Slovak Czech English Polish |
| PhysicalDescription: | 192 s. fotogr., grafy, tab. 25 cm |
| Published: |
Nitra
Slovenská poľnohospodárska univerzita
2017
|
| ISBN: | 9788055216782 |
| Edition: | 1. vyd. |
| Subjects: |
MARC
| LEADER | 00000nam a2200000 a 4500 | ||
|---|---|---|---|
| 001 | vtls011705533 | ||
| 003 | SK-MaSNL | ||
| 005 | 20260301221942.0 | ||
| 008 | 220509s2017 xo oda f n 100 0 slo | ||
| 015 | |a SNBA2017/09 | ||
| 020 | |a 9788055216782 |q (brož.) | ||
| 035 | |a urn:nbn:sk:snk-am00gjiz | ||
| 035 | |a urn:nbn:sk:snk-am3j556 | ||
| 035 | |a 91C59AC0-8124-43D1-99C0-A50A02FF7E50 | ||
| 040 | |a SNK |b slo |c SNK |e AACR2 | ||
| 041 | 0 | |a slo |a cze |a eng |a pol | |
| 044 | |a xo |c SK | ||
| 072 | 7 | |a 637 |x Živočíšne produkty |2 konspekt | |
| 072 | 7 | |a 663 |x Priemysel nápojov. Kvasný priemysel. Priemysel pochutín |2 konspekt | |
| 080 | |a 637.5 |2 2011 | ||
| 080 | |a 663/664-021.465 |2 2011 | ||
| 080 | |a (062.534) |2 2011 | ||
| 111 | 2 | |a Kvalita mäsa |d (2017 : |c Nitra, Slovensko) |9 610908 | |
| 245 | 1 | 0 | |a Kvalita mäsa |b Medzinárodná vedecká konferencia : 1.-2. June 2017 Nitra Slovensko |c [zostavili: Ondrej Debrecéni, Iveta Vavríková] |
| 246 | 1 | 1 | |a Meat quality |b International Scientific Conference : 1.-2. June 2017 Nitra, Slovakia |
| 250 | |a 1. vyd. | ||
| 260 | |a Nitra |b Slovenská poľnohospodárska univerzita |c 2017 | ||
| 300 | |a 192 s. |b fotogr., grafy, tab. |c 25 cm | ||
| 366 | |e 60 výt. | ||
| 500 | |a Názov z obalu | ||
| 504 | |a Bibliogr. | ||
| 546 | |a Text aj v angl., češ. a poľ. | ||
| 650 | 0 | 7 | |a mäso |2 SNKPH |9 18169 |
| 650 | 0 | 7 | |a Meat |2 SNKPHeng |9 90887 |
| 650 | 0 | 7 | |a kvalita potravín |2 SNKPH |9 30955 |
| 650 | 0 | 7 | |a Food quality |2 SNKPHeng |9 315697 |
| 655 | 7 | |a zborníky konferencií |2 SNKPH |9 70153 | |
| 655 | 7 | |a Proceedings of conferences |2 SNKPHeng |9 265791 | |
| 919 | |a 978-80-552-1678-2 | ||
| 958 | |a NB | ||
| 999 | |c 938043 |d 939973 | ||
| 952 | |a SNK |b SNK |y PREZ |7 0 |p 17A1269919 |o snkSC 175791 |i snk2017/17731 |8 0 |0 0 |1 0 |4 0 |d 2017-08-03 |f 1 |l 0 |r 2025-09-17 00:00:00 |w 2026-02-24 | ||
| 952 | |a SNK |b SNK |y VYP |7 0 |p 17A1269920 |o snkSC 175791 D1 |i snk2017/17732 |8 0 |0 0 |1 0 |4 0 |d 2017-08-03 |l 0 |r 2026-02-24 09:09:33 |w 2026-02-24 | ||


